| 000 | 00469cam a2200169ua 4500 | ||
|---|---|---|---|
| 041 |
_aeng _h |
||
| 082 |
_a925.3 _bMAC/BE |
||
| 100 | _aMacDonald, W . | ||
| 245 |
_aBenjamin Franklin`s autobiography / _cW MacDonald. _hTextual Documents |
||
| 260 |
_aLondon : _bJ M Dent and Sons Ltd , _c1960. |
||
| 300 | _a240 ; . | ||
| 440 | 0 |
_aEveryman`s Library, _v316 _x; |
|
| 490 | 0 |
_aEveryman`s Library, _v316 _x; |
|
| 650 | _aAutbiography | ||
| 942 | _cBK | ||
| 999 |
_c415 _d415 |
||